000 00344nam a22001457a 4500
003 OSt
005 20240605124127.0
020 _a9789352866601
040 _cPearson
082 _a005.8
245 _aNetwork Security Essentials
_b: Applications and Standards
_cby Stallings, William
250 _aSixth
260 _bPearson
942 _2ddc
_cBOOKS
999 _c2027
_d2027